000 00606nam a2200241Ia 4500
003 OSt
005 20221007075140.0
006 a|||||r|||| 00| 0
007 ta
008 221006b |||||||| |||| 00| 0 eng d
024 _a43,063
037 _cTextual
040 _aFLL
_cFLL
_beng
041 _2eng
_aeng
082 _aZ3, P4
100 _aZander M.
_9691863
245 0 _aLaw- making process
250 _a6th
260 _aNew Delhi
_bCambridge University Press India
_c2004
300 _axxxv,1517p
_ccm.
942 _hZ3, P4
_cTEXL
_2CC
999 _c1154994
_d1154994